Catálogo público

Statistics and computers for animal and veterinary sciences : fundamentals and applications / (Record no. 170274)

MARC details
000 -CABECERA
campo de control de longitud fija 00777nam a2200277Ia 4500
001 - NÚMERO DE CONTROL
campo de control Z_7002
003 - IDENTIFICADOR DEL NÚMERO DE CONTROL
campo de control CHAP
008 - DATOS DE LONGITUD FIJA--INFORMACIÓN GENERAL
campo de control de longitud fija 220113s9999 xx 000 0 und d
010 ## - NÚMERO DE CONTROL DE LA BIBLIOTECA DEL CONGRESO
Número de control de LC 170274
020 ## - NÚMERO INTERNACIONAL ESTÁNDAR DEL LIBRO
Número Internacional Estándar del Libro 978-93-86546-55-5
040 ## - FUENTE DE LA CATALOGACIÓN
Centro/agencia transcriptor CHAP
082 ## - NÚMERO DE LA CLASIFICACIÓN DECIMAL DEWEY
Número de clasificación 519.5021 G64
100 ## - ENTRADA PRINCIPAL--NOMBRE DE PERSONA
Nombre de persona Goel, Rakesh
9 (RLIN) 146534
245 ## - MENCIÓN DE TÍTULO
Título Statistics and computers for animal and veterinary sciences : fundamentals and applications /
Mención de responsabilidad, etc. Rakesh Goel
260 ## - PUBLICACIÓN, DISTRIBUCIÓN, ETC.
Lugar de publicación, distribución, etc. India :
Nombre del editor, distribuidor, etc. NIPA,
Fecha de publicación, distribución, etc.
300 ## - DESCRIPCIÓN FÍSICA
Extensión xiii, 196 p.
503 ## - NOTA DE HISTORIA BIBLIOGRÁFICA (BK CF MU) [OBSOLETO]
Nota de historia bibliográfica ej.1: C/E \ ej.2: consumo \ ej.3: consumo \ ej.4: consumo
650 ## - PUNTO DE ACCESO ADICIONAL DE MATERIA--TÉRMINO DE MATERIA
Término de materia o nombre geográfico como elemento de entrada Estadística
9 (RLIN) 38241
650 ## - PUNTO DE ACCESO ADICIONAL DE MATERIA--TÉRMINO DE MATERIA
Término de materia o nombre geográfico como elemento de entrada Veterinaria
Subdivisión general
-- Métodos estadísticos
9 (RLIN) 146188
901 ## - ELEMENTOS DE DATOS A LOCAL LDA (RLIN)
a 519.5021 G64
902 ## - ELEMENTOS DE DATOS B LOCAL, LDB (RLIN)
a M
910 ## - DATOS DE OPCIÓN DEL USUARIO (OCLC)
Datos de opción del usuario
942 ## - ELEMENTOS DE PUNTO DE ACCESO ADICIONAL (KOHA)
Tipo de ítem Koha Libro_
942 ## - ELEMENTOS DE PUNTO DE ACCESO ADICIONAL (KOHA)
Tipo de ítem Koha
Holdings
Estado de retiro Estado de pérdida Estado dañado No para préstamo Localización permanente Ubicación/localización actual Ubicación en estantería Fecha de adquisición Información codificada de la localización en otra ubicación Código de barras Fecha visto por última vez Número de copia Precio válido a partir de Tipo de ítem Koha Nota pública Total de préstamos Fecha del último préstamo
        Zootecnia Zootecnia   12/02/2019 1 z_7220 18/01/2022 1 18/01/2022 Libro 2    
        Zootecnia Zootecnia   13/02/2019 1 z_7221 18/01/2022 2 18/01/2022 Libro 2    
        Zootecnia Zootecnia   13/02/2019 1 z_7222 10/09/2024 3 18/01/2022 Libro 2 1 10/09/2024
        Zootecnia Zootecnia   13/02/2019 1 z_7223 18/01/2022 4 18/01/2022 Libro 2